000 00753nam a2200229Ia 4500
003 GCL
008 140319s9999 xx 000 0 ara d
020 _a6002384977
040 _aGCL /
_cGCL
082 0 4 _a200.3
_bص ق
100 1 _aصلاح قنصوة
245 1 0 _aقاموس اديان ومعتقدات شعوب العالم /
_cصلاح قنصوة
250 _aالاولى
260 _aالقاهرة :
_bدار الكلمة ،
_c2004
300 _a616 ص ؛
_c24 سم
650 0 4 _aالعادات والتقاليد
650 0 4 _aالديانة القديمة
650 0 4 _aالديانات القديمة - معاجم
650 0 4 _aالديانات - معاجم
650 0 4 _aالمعتقدات الشعبية
942 _2ddc
_cBK
999 _c57546
_d57546